[Event "Tres Cantos op 3rd"]
[Site "Tres Cantos"]
[Date "2011.06.30"]
[Round "9"]
[White "Garcia Fernandez, Antolin"]
[Black "Cabrera Fernandez, Daniel"]
[Result "1/2-1/2"]
[WhiteElo "1765"]
[BlackElo "1854"]
[PlyCount "29"]
[EventDate "2011.06.22"]
[EventType "swiss"]
[EventRounds "9"]
[EventCountry "ESP"]
[SourceTitle "EXT 2012"]
[Source "ChessBase"]
[SourceDate "2011.11.24"]
[SourceVersion "1"]
[SourceVersionDate "2011.11.24"]
[SourceQuality "1"]

1. d4 Nf6 2. Nc3 d6 3. e4 g6 4. f3 Bg7 5. Be3 0-0 6. Qd2 Nc6 7. 0-0-0 Re8 8. g4 e5 9. Nge2 h5 10. h3 Qe7 11. d5 Na5 12. Bg5 Qf8 13. Ng3 Nh7 14. Be3 h4 15. b4 1/2-1/2

[Event "Tres Cantos op 3rd"]
[Site "Tres Cantos"]
[Date "2011.06.28"]
[Round "7"]
[White "Garcia Fernandez, Antolin"]
[Black "Alvarez Gonzalez, Eduardo"]
[Result "1-0"]
[WhiteElo "1765"]
[BlackElo "1861"]
[PlyCount "136"]
[EventDate "2011.06.22"]
[EventType "swiss"]
[EventRounds "9"]
[EventCountry "ESP"]
[SourceTitle "EXT 2012"]
[Source "ChessBase"]
[SourceDate "2011.11.24"]
[SourceVersion "1"]
[SourceVersionDate "2011.11.24"]
[SourceQuality "1"]

1. e4 c6 2. d4 d5 3. Nc3 dxe4 4. Nxe4 Bf5 5. Ng3 Bg6 6. Bc4 Qc7 7. N1e2 e6 8. 0-0 Bd6 9. f4 Ne7 10. c3 0-0 11. Bd3 Nd7 12. Ne4 c5 13. Nxd6 Qxd6 14. Be3 Qc7 15. Bxg6 hxg6 16. Rf3 Rad8 17. Qe1 Nf5 18. Rh3 Nf6 19. Bf2 Ng4 20. Rd1 cxd4 21. Bxd4 Nxd4 22. Nxd4 e5 23. Qh4 f5 24. fxe5 Qxe5 25. Re1 Qf6 26. Qxf6 Rxf6 27. Rd3 Rfd6 28. h3 Nf6 29. Re7 Ne4 30. Re3 R6d7 31. Rxd7 Rxd7 32. g4 Nd6 33. Re6 Kf7 34. Re2 Kf6 35. Kg2 Ne4 36. Kf3 Ng5+ 37. Kg3 Ne4+ 38. Kf4 Nc5 39. g5+ Kf7 40. h4 Nd3+ 41. Kf3 Re7 42. Rd2 Ne5+ 43. Kg3 Nc4 44. Rf2 Re3+ 45. Kg2 Re4 46. Kg3 Ne5 47. Kg2 Nd3 48. Rd2 Nf4+ 49. Kg3 Nh5+ 50. Kh3 Re3+ 51. Kg2 Nf4+ 52. Kf2 Rh3 53. Nf3 Ke7 54. Rd4 Nh5 55. Ra4 a6 56. Rb4 b5 57. c4 bxc4 58. Rxc4 Rh1 59. Ra4 Rc1 60. b3 Rc6 61. Ke2 Ng3+ 62. Kd3 Ne4 63. Rc4 Rd6+ 64. Kc2 Ke6 65. a4 a5 66. Rc7 Kd5 67. Rxg7 Nc5 68. Nd2 Ke5 1-0

[Event "Tres Cantos op 2nd"]
[Site "Tres Cantos"]
[Date "2010.06.24"]
[Round "6"]
[White "Krohn Montalvo, Francisco J"]
[Black "Garcia Fernandez, Antolin"]
[Result "0-1"]
[WhiteElo "1942"]
[BlackElo "1760"]
[PlyCount "66"]
[EventDate "2010.06.19"]
[EventType "swiss"]
[EventRounds "9"]
[EventCountry "ESP"]
[SourceTitle "CBM 137 Extra"]
[Source "ChessBase"]
[SourceDate "2010.09.01"]
[SourceVersion "1"]
[SourceVersionDate "2010.09.01"]
[SourceQuality "1"]

1. e4 e5 2. Nf3 Nc6 3. Bb5 Bc5 4. 0-0 Nge7 5. c3 Bb6 6. d4 exd4 7. cxd4 d5 8. exd5 Nxd5 9. Re1+ Be6 10. Bxc6+ bxc6 11. Bg5 Qd6 12. Nc3 0-0 13. a3 h6 14. Ne4 Qd7 15. Ne5 Qe8 16. Be3 f5 17. Nc5 Rf6 18. f4 Rd8 19. Qf3 Nxe3 20. Qxe3 Bd5 21. Qc3 Be4 22. Kh1 Bxc5 23. dxc5 Re6 24. Rad1 Rd5 25. Rxd5 cxd5 26. Qa5 g5 27. Qxc7 gxf4 28. Nd7 f3 29. Qg3+ Kh8 30. c6 fxg2+ 31. Kg1 Rxc6 32. Nb8 Rc8 33. Na6 Qe6 0-1

[Event "Tres Cantos op 2nd"]
[Site "Tres Cantos"]
[Date "2010.06.22"]
[Round "4"]
[White "Herranz Blazquez, Juan Carlos"]
[Black "Garcia Fernandez, Antolin"]
[Result "1-0"]
[WhiteElo "1956"]
[BlackElo "1760"]
[PlyCount "47"]
[EventDate "2010.06.19"]
[EventType "swiss"]
[EventRounds "9"]
[EventCountry "ESP"]
[SourceTitle "CBM 137 Extra"]
[Source "ChessBase"]
[SourceDate "2010.09.01"]
[SourceVersion "1"]
[SourceVersionDate "2010.09.01"]
[SourceQuality "1"]

1. e4 c5 2. Nf3 Nc6 3. d4 cxd4 4. Nxd4 Qc7 5. Nc3 e6 6. f4 a6 7. Nxc6 bxc6 8. Bd3 d6 9. 0-0 Nf6 10. Qe2 e5 11. fxe5 dxe5 12. h3 Bc5+ 13. Kh1 a5 14. Na4 Be7 15. Be3 Rb8 16. b3 0-0 17. Qf2 Be6 18. Bb6 Qc8 19. Bxa5 c5 20. Bd2 c4 21. bxc4 Bxc4 22. Nb6 Qc5 23. Qxc5 Bxc5 24. Nxc4 1-0

[Event "San Sebastian Constitucion op 11th"]
[Site "San Sebastian"]
[Date "2009.12.06"]
[Round "7"]
[White "Garcia Fernandez, Antolin"]
[Black "Alvarez Gonzalez, Eduardo"]
[Result "0-1"]
[WhiteElo "1747"]
[BlackElo "1868"]
[PlyCount "124"]
[EventDate "2009.11.30"]
[EventType "swiss"]
[EventRounds "9"]
[EventCountry "ESP"]
[SourceTitle "CBM 133 Extra"]
[Source "ChessBase"]
[SourceDate "2010.01.05"]
[SourceVersion "1"]
[SourceVersionDate "2010.01.05"]
[SourceQuality "1"]

1. e4 c6 2. d4 d5 3. Nc3 dxe4 4. Nxe4 Nd7 5. Bc4 Ngf6 6. Nxf6+ Nxf6 7. Nf3 Bf5 8. 0-0 e6 9. Bf4 Be7 10. c3 0-0 11. Qe2 Nd5 12. Be5 Bf6 13. h3 Rc8 14. Rad1 Qe7 15. Bxf6 Qxf6 16. Ne5 Rfd8 17. Qf3 Qe7 18. Rfe1 b6 19. Rd2 Qc7 20. g4 Bg6 21. h4 Qe7 22. Nxc6 Rxc6 23. Bxd5 Rcd6 24. Bb3 Qxh4 25. Re5 Qf6 26. Qg3 h6 27. Rde2 R8d7 28. f4 Kh7 29. f5 exf5 30. gxf5 Bxf5 31. Rxf5 Qxf5 32. Bc2 Qxc2 33. Rxc2 Rg6 34. Kf2 Rxg3 35. Kxg3 Kg6 36. Re2 Kg5 37. Re4 f5 38. Re5 Kf6 39. Re2 g5 40. Re8 Kf7 41. Re5 Kf6 42. Re8 Kg6 43. Re5 f4+ 44. Kf3 h5 45. d5 Kf6 46. Re6+ Kf5 47. c4 g4+ 48. Kf2 b5 49. b3 bxc4 50. bxc4 Rc7 51. Rh6 Rxc4 52. Rxh5+ Ke4 53. d6 Rc2+ 54. Ke1 Rc8 55. Ra5 Rd8 56. Ra4+ Kf3 57. Ra3+ Kg2 58. Ra4 Kg3 59. Ra3+ f3 60. Rd3 Kf4 61. Rd4+ Ke3 62. Rxg4 Rxd6 0-1

[Event "Tres Cantos op 1st"]
[Site "Tres Cantos"]
[Date "2009.06.10"]
[Round "5"]
[White "Martinez Miura, Enrique"]
[Black "Garcia Fernandez, Antolin"]
[Result "1/2-1/2"]
[WhiteElo "1735"]
[BlackElo "1829"]
[PlyCount "62"]
[EventDate "2009.06.06"]
[EventType "swiss"]
[EventRounds "9"]
[EventCountry "ESP"]
[SourceTitle "EXT 2010"]
[Source "ChessBase"]
[SourceDate "2010.11.25"]
[SourceVersion "1"]
[SourceVersionDate "2010.11.25"]
[SourceQuality "1"]

1. e4 c5 2. c4 Nc6 3. Nc3 g6 4. g3 Bg7 5. Bg2 d6 6. Nge2 Nf6 7. 0-0 0-0 8. d3 Ne8 9. Rb1 Nc7 10. h3 Rb8 11. a4 a6 12. Kh2 b5 13. axb5 axb5 14. Nd5 bxc4 15. dxc4 Ba6 16. Ne3 Rb4 17. f4 Bxc4 18. Nxc4 Rxc4 19. Bd2 Ne6 20. b3 Rb4 21. Bxb4 Nxb4 22. f5 Nd4 23. Nxd4 Bxd4 24. fxg6 hxg6 25. Qg4 Qc8 26. Qe2 Kg7 27. h4 Rh8 28. Bh3 Qb7 29. Rf3 Nc6 30. Rff1 Rh5 31. Bg4 Rh6 1/2-1/2